000 00423nam a2200145Ia 4500
008 210210b1986 xxu||||| |||| 00| 0 eng d
082 _a375 MAMC
100 _aMAMIDI (Malla Reddy) and RAVISHANKAR (S).
245 _aCurriculum development and educational technology.
260 _aNew Delhi.
_bSterling Publishers Pvt Ltd.,
_c1986
300 _axvi,380
650 _aCurriculum
690 _aEducation
906 _a040577
999 _c90453
_d90453